| 000 | 00631nam a2200217 a 4500 | ||
|---|---|---|---|
| 999 |
_c2175 _d2175 |
||
| 001 | 2175 | ||
| 003 | BD-JhCC | ||
| 005 | 20171030174715.0 | ||
| 008 | 171030s1974 bg ||||| |||| 00| 0 ben d | ||
| 035 | _a(BD-JhCC)2175 | ||
| 040 |
_aBD-JhCC _dBD-JhCC |
||
| 041 | _aben | ||
| 082 |
_222 _a891.4409 _bHAQ 1974 |
||
| 100 | _aহক, আবদুল | ||
| 245 |
_aসাহিত্য ও স্বাধীনতা / _cআবদুল হক |
||
| 260 |
_aঢাকা : _bবাংলা একাডেমী, _c১৯৭৪ |
||
| 300 |
_a193 p. : _c22cm. |
||
| 650 | _aBengali Liturature | ||
| 942 |
_2ddc _cBK |
||